000 00373nam a2200145Ia 4500
008 230917s9999||||xx |||||||||||||| ||und||
040 _e49480
_aMAIN
041 _aEnglish
082 _a823.7 D555S:R
100 _aScott, P J M
245 0 _aReality and comic confidence in Charles Dickens
260 _aLondon
_bMacmillan
_c1979
300 _aviii, 216 p.
942 _cBK
999 _c200436
_d200436